TV Theme Songs: The Last Line Quiz Stats

 Plays Quiz Updated Jul 11, 2014

Support Sporcle.
Go Orange.
Score 0/20 Timer 04:00
2 Plays Today
% Correct
Cheers
88.3%
Mr. Rogers' Neighborhood
88.1%
The Facts of Life
86.7%
Friends
80.3%
The Flintstones
79.1%
The Beverly Hillbillies
77%
The Golden Girls
74.3%
That 70's Show
71.7%
The Jeffersons
70.5%
The Bugs Bunny Show
68.8%
% Correct
All in the Family
67.1%
New Girl
66.6%
Malcolm in the Middle
61.6%
The Mary Tyler Moore Show
61.2%
Full House
58.9%
Laverne & Shirley
58.6%
The O.C.
51.6%
Weeds
46.3%
Growing Pains
45.8%
Party of Five
35.7%

You're not logged in!

Compare scores with friends on all Sporcle quizzes.
OR
Log In

From the Vault

6 Letter Country Match-Up

by RobPro

Hopefully you make it through this all in one piece.
Remove Ads.
Support Sporcle.
Get the best of Sporcle when you Go Orange. This ad-free experience offers more features, more stats, and more fun while also helping to support Sporcle. Thank you for becoming a member.

Show Comments

Extras

Top Quizzes Today


Score Distribution

Your Account Isn't Verified!

In order to create a playlist on Sporcle, you need to verify the email address you used during registration. Go to your Sporcle Settings to finish the process.

Report this User

Report this user for behavior that violates our Community Guidelines.

Details: